000 00869nam a2200205Ia 4500
003 GCL
008 140319s9999 xx 000 0 ara d
040 _aGCL /
_cGCL
082 0 4 _a810.8
_bق ك
100 1 _aالقالى : ابو على اسماعيل بن القاسم بن عيذون بن هارون بن عيسى بن محمد بن سليمان البغدادى
245 1 0 _aكتاب الامالى /
_cالقالى : ابو على اسماعيل بن القاسم بن عيذون بن هارون بن عيسى بن محمد بن سليمان البغدادى
260 _a[S.N] :
_bدار الجيل ،
_c1987
300 _aمتعدد
490 _a
650 0 4 _aالشعر العربى
650 0 4 _aالنوادرالعربية
650 0 4 _aالبلاغة العربية
650 0 4 _aالدولة العباسية الثانية
942 _2ddc
_cBK
999 _c37458
_d37458